| 000 | 00741nam a2200205 a 4500 | ||
|---|---|---|---|
| 001 | 000026561 | ||
| 005 | 20240410073846.0 | ||
| 008 | 110323s1996 dr 000 0bspa d | ||
| 040 |
_aDO-SdBNP _bspa _cBNPHU |
||
| 082 |
_a923.27293 _bD812b |
||
| 100 | 1 |
_aBarinas Coiscou, Sócrates, _d1916-2021 _924379 |
|
| 245 | 1 | 0 |
_aJuan Pablo Duarte : _bperegrino de la libertad y del derecho / _cSócrates Barinas Coiscou. |
| 246 | 1 | 4 |
_aJuan Pablo Duarte : _bJuan sin tiempo |
| 260 |
_aSanto Domingo : _bInstituto Duartiano, _c1996. |
||
| 300 |
_a107 p. ; _c21 cm. |
||
| 600 | 1 | 0 |
_aDuarte, Juan Pablo, _d1813-1876 _91494 |
| 651 | 0 |
_aRepública Dominicana -- _xHistoria -- _y1844-1930 _91009 |
|
| 910 | _aValidado. Control de calidad EMS | ||
| 049 | _aBNPD | ||
| 999 |
_c26053 _d26053 |
||